El cultivo del océano (Registro nro. 5189)
[ vista simple ]
| 000 -LEADER | |
|---|---|
| fixed length control field | 01109 a2200217 4500 |
| 001 - CONTROL NUMBER | |
| control field | 53333 |
| 005 - DATE AND TIME OF LATEST TRANSACTION | |
| control field | 20260407155807.0 |
| 008 - FIXED-LENGTH DATA ELEMENTS--GENERAL INFORMATION | |
| fixed length control field | 260407a1968 arg spa d |
| 003 - CONTROL NUMBER IDENTIFIER | |
| control field | AR-UNSa-BCEJYS |
| 040 ## - CATALOGING SOURCE | |
| Original cataloging agency | AR-UNSa-BCEJYS |
| Language of cataloging | spa |
| Transcribing agency | AR-UNSa-BCEJYS |
| 080 ## - UNIVERSAL DECIMAL CLASSIFICATION NUMBER | |
| Universal Decimal Classification number | 551.46 |
| Common auxiliary subdivision | Oceanografía física. Topografía submarina. Fondo oceánico |
| 041 ## - LANGUAGE CODE | |
| Language code of text/sound track or separate title | spa |
| 100 1# - MAIN ENTRY--PERSONAL NAME | |
| Personal name | Aubert, Maurice |
| 245 10 - TITLE STATEMENT | |
| Title | El cultivo del océano |
| 264 #1 - PRODUCTION, PUBLICATION, DISTRIBUTION, MANUFACTURE, AND COPYRIGHT NOTICE | |
| Place of production, publication, distribution, manufacture | Barcelona : |
| Name of producer, publisher, distributor, manufacturer | Labor |
| Date of production, publication, distribution, manufacture, or copyright notice | 1968 |
| 300 ## - PHYSICAL DESCRIPTION | |
| Extent | 201 p. |
| Dimensions | 19 cm. |
| 505 ## - FORMATTED CONTENTS NOTE | |
| Formatted contents note | Primera Parte: EL MUNDO MARINO: 1. El medio marino – 2. Los seres vivientes - - Segunda Parte: AGRESIONES CONTRA EL MUNDO MARINO: 1. Contaminaciones destructoras – 2. La explotación oceánica – 3. Aportación directa o indirecta a la dietética humana – 4. Capturar sin despoblar - - Tercera Parte: CULTIVO Y CRÍA MARINOS: 1. Ensayos técnicos de laboratorio – 2. Ensayos de enriquecimiento del medio marino – 3. La piscifactura marina – 4. La preparación de las lagunas para la cría marina. |
| 590 ## - LOCAL NOTE (RLIN) | |
| Local note | niveau_biblio:m niveau_hierar:0 |
| 700 1# - ADDED ENTRY--PERSONAL NAME | |
| Personal name | Ribera, Antonio |
| 942 ## - ADDED ENTRY ELEMENTS (KOHA) | |
| Koha item type | |
| Withdrawn status | Lost status | Damaged status | Not for loan | Home library | Current library | Shelving location | Date acquired | Total checkouts | Full call number | Barcode | Date last seen | Price effective from | Koha item type |
|---|---|---|---|---|---|---|---|---|---|---|---|---|---|
| Biblioteca Prof. Eusebio Cleto del Rey | Biblioteca Prof. Eusebio Cleto del Rey | 07/04/2026 | 551.46 A888 | L21860 | 07/04/2026 | 07/04/2026 | Libro | ||||||
| Biblioteca Prof. Eusebio Cleto del Rey | Biblioteca Prof. Eusebio Cleto del Rey | 07/04/2026 | 551.46 A888 | L21859 | 07/04/2026 | 07/04/2026 | Libro |